01239nam a22002177a 450000500170000000800410001702000180005804000070007604100120008308200180009510000160011324500280012926000310015730000250018836500580021352007010027165000090097265000120098165000100099370000180100320241120142948.0241120b ||||| |||| 00| 0 eng d a9788180943829 cAL aEnglish 223a597bDAYI aFrancis Day aIndian Fish and Fishing aChennaibMaven Booksc2017 a59 p.bHBc23x16 cm. aEKJA-87684b₹375.00c₹d₹395.00e0%f14-11-2024 aThe book was originally published in 1883 as part of the International Fisheries Exhibition in London. It contains a full investigation into the condition of the fisheries of India, the cause for their prosperity or deterioration, with suggestions of rules for future development and administration. This report will appeal to those involved in the industry and those with an interest in the history and development of the fishing industry. Many of the earliest books, particularly those dating back to 1900s and before, are now extremely scarce and increasingly expensive. We are republishing these classic works in affordable, high quality, modern editions, using the original artwork and text. aFish aFishing aIndia aDAY (Francis)